=LDR 00000nam 2200000 4500 =001 INLIS000000000023501 =005 20130612122148 =008 ***********************************Ind** =035 ##$$0010-061300000023501 =041 ##$$a Ind =082 ##$$a 2x6.4 =090 ##$$a 2x6.4, Qar r =100 ##$$a Al-Qardhawi, Yususf =245 ##$$a Ruang lingkup aktivitas wanita muslimah, Dr. Yusuf Al-Qardhawi =260 ##$$a 1996 $b Jakarta =300 ##$$a 244 hlm, 21 cm =650 ##$$a Kedudukan wanita =850 ##$$a NBPNMAT